00979cam a2200241 a 450000100100000000500170001000800410002702000150006803500190008304000300010208200170013210000330014924500790018226001230026130000210038449000680040549000240047350400320049760000610052965000530059083000260064383000680066900000589620200929151829.0830126s1981 sp b s001 0 spa  a8400047362 a(DLC) 81190934 aDO-SdBNPcDLCdDLCdBNPHU a928.6bC149F1 aFrutos, Eugenio,d1903-1979.13aLa filosofía de Calderón en sus Autos sacramentales /cEugenio Frutos. aZaragoza, (España) :bInstitución "Fernando el Católico" (C.S.I.C.) de la Excma. Diputación Provincial,c1981. a344 p. ;c24 cm.1 aPublicación de la Institución "Fernando el Católico"v7921 aTesis doctoralesv5 aBibliografía: p. 331-336.10aCALDERÓN DE LA BARCA, PEDRO,d1600-1681xPHILOSOFÍA. 0aDrama religioso españolxHistoria y crítica. 0aTesis doctorales ;v5 0aPublicación de la Institución "Fernando el Católico"v792